[Event "33. Seebach-Open"]
[Site "Grossenseebach"]
[Date "2024.05.30"]
[Round "1.53"]
[White "Heimann, Jonas"]
[Black "Gebhardt, Andreas"]
[Result "1/2-1/2"]
[WhiteElo "1598"]
[BlackElo "1253"]
[PlyCount "93"]
[EventDate "2024.??.??"]
[WhiteTeam "SC Forchheim e.V."]
[BlackTeam "TSV Kirchehrenbach"]

1. e4 c5 2. d4 cxd4 3. c3 Nf6 4. e5 Nd5 5. Nf3 d6 6. Bc4 Nb6 7. Bb3 e6 8. cxd4
N8d7 9. O-O h6 10. Bf4 d5 11. Nc3 Bb4 12. a3 Bxc3 13. bxc3 Qc7 14. Rc1 Nc4 15.
a4 Ndb6 16. Nd2 Bd7 17. Qg4 g5 18. Be3 Bxa4 19. Nxc4 dxc4 20. Bxa4+ Nxa4 21. d5
exd5 22. e6 Nb6 23. Bd4 Rh7 24. Qf5 fxe6 25. Qxe6+ Re7 26. Qg6+ Kd7 27. Qf5+
Kc6 28. Ra1 Qd7 29. Qf6+ Re6 30. Qf5 Rae8 31. Rxa7 Re1 32. Qf6+ R8e6 33. Rxe1
Rxf6 34. Bxf6 Nc8 35. Ra2 Qf7 36. Bd4 Nd6 37. Rae2 h5 38. Re6 Kd7 39. Rf6 Qh7
40. f3 Qd3 41. Rfe6 g4 42. fxg4 Ne4 43. Re5 Nxc3 44. Bxc3 Qxc3 45. Rxd5+ Kc6
46. Red1 Qe3+ 47. Kh1 1/2-1/2

[Event "33. Seebach-Open"]
[Site "Grossenseebach"]
[Date "2024.05.30"]
[Round "1.54"]
[White "Satti, Shahroz"]
[Black "Schuetz, Robert"]
[Result "1/2-1/2"]
[WhiteElo "1232"]
[BlackElo "1592"]
[PlyCount "89"]
[EventDate "2024.??.??"]
[WhiteTeam "SC Erlangen 48/88"]
[BlackTeam "TSV Kirchehrenbach"]

1. e4 e6 2. Nc3 d5 3. exd5 exd5 4. d4 Bf5 5. Bf4 c6 6. Nf3 Nf6 7. h3 Be7 8. Be2
Nbd7 9. O-O O-O 10. Nh4 Be6 11. Nf3 Re8 12. Ne5 Nxe5 13. dxe5 Nd7 14. Bd3 Nf8
15. Qf3 Ng6 16. Bg3 Rf8 17. Rfe1 b5 18. Ne2 Qb6 19. Nf4 Nxf4 20. Bxf4 g6 21.
Be3 c5 22. c3 Qc7 23. Bc2 Rfd8 24. Rad1 d4 25. cxd4 cxd4 26. Be4 dxe3 27. Bxa8
exf2+ 28. Kxf2 Bc5+ 29. Kg3 Rxd1 30. Qxd1 Qe7 31. Kh2 Qh4 32. Qe2 Bf2 33. Rf1
Bg3+ 34. Kh1 g5 35. Qd2 g4 36. Kg1 gxh3 37. gxh3 Bxe5 38. Bg2 Qg3 39. Rf2 Qh4
40. Rf3 Bd4+ 41. Kh1 Bb6 42. Qf4 Qxf4 43. Rxf4 Bxa2 44. Rb4 Bc4 45. Bc6 1/2-1/2

[Event "33. Seebach-Open"]
[Site "Grossenseebach"]
[Date "2024.05.30"]
[Round "1.55"]
[White "Strobl, Thomas"]
[Black "Yanpala, Oguz Faruk"]
[Result "0-1"]
[WhiteElo "1585"]
[BlackElo "1227"]
[PlyCount "58"]
[EventDate "2024.??.??"]
[WhiteTeam "TSV 1860 Weißenburg e.V."]
[BlackTeam "SC JÄKLECHEMIE Talente Franken e"]

1. d4 Nf6 2. e3 g6 3. Bd3 Bg7 4. f4 d5 5. Nf3 O-O 6. O-O b6 7. Nbd2 Bb7 8. Ne5
e6 9. c3 Nbd7 10. Qc2 Rc8 11. Qa4 a5 12. Nc6 Bxc6 13. Qxc6 Qe7 14. Nf3 Nb8 15.
Qb5 Qd6 16. b4 axb4 17. cxb4 Nc6 18. Bd2 Rfd8 19. Rfc1 Ne7 20. Ne5 Nd7 21. a4
f6 22. Nxd7 Rxd7 23. a5 e5 24. a6 exf4 25. exf4 f5 26. a7 Bxd4+ 27. Kh1 Bxa1
28. Rxa1 Ra8 29. Qa4 c6 0-1

[Event "33. Seebach-Open"]
[Site "Grossenseebach"]
[Date "2024.05.30"]
[Round "1.56"]
[White "Kern, Daniel"]
[Black "Zyadah, Mahmoud"]
[Result "0-1"]
[WhiteElo "1199"]
[BlackElo "1581"]
[PlyCount "120"]
[EventDate "2024.??.??"]
[WhiteTeam "SC Höchstadt/Aisch"]
[BlackTeam "SF Riedlingen"]

1. d4 d5 2. c4 c6 3. e3 Nf6 4. Nc3 Bf5 5. Nf3 e6 6. a3 Qc7 7. cxd5 exd5 8. Bd3
Bxd3 9. Qxd3 Bd6 10. e4 dxe4 11. Nxe4 Nxe4 12. Qxe4+ Qe7 13. Qxe7+ Bxe7 14. O-O
f6 15. Re1 Kf7 16. Bd2 Na6 17. Re3 Nc7 18. Rb3 Rab8 19. Bf4 Rhc8 20. Rc1 h5 21.
d5 g5 22. Bxc7 Rxc7 23. dxc6 b6 24. Nd4 a6 25. a4 Bd6 26. a5 b5 27. Rd3 Be5 28.
Nf5 Kg6 29. Ne3 Bf4 30. Nd5 Bxc1 31. Nxc7 Rc8 32. Nxa6 Rxc6 33. Nb4 Rc4 34. Rc3
Rxb4 35. Rxc1 Ra4 36. g3 Rxa5 37. Rc5 Ra1+ 38. Kg2 b4 39. Rb5 g4 40. Rxb4 Ra2
41. h3 f5 42. hxg4 hxg4 43. f3 Kg5 44. fxg4 fxg4 45. Kf2 Ra1 46. Rb5+ Kf6 47.
Ke3 Rf1 48. Rb4 Rf3+ 49. Ke2 Rxg3 50. Kf2 Rf3+ 51. Kg2 Kg5 52. Rc4 Kh4 53. Rc3
Rf5 54. b4 Rd5 55. Rc2 Rd3 56. Kf2 Rb3 57. Rc8 Rb2+ 58. Kg1 Rxb4 59. Rh8+ Kg3
60. Rf8 Rb1+ 0-1

[Event "33. Seebach-Open"]
[Site "Grossenseebach"]
[Date "2024.05.30"]
[Round "1.57"]
[White "Nesmjanowitsch, Julia"]
[Black "Ramayanam, Nithya"]
[Result "1-0"]
[WhiteElo "1580"]
[BlackElo "1185"]
[PlyCount "65"]
[EventDate "2024.??.??"]
[WhiteTeam "SC JÄKLECHEMIE Talente Franken e"]
[BlackTeam "SC Erlangen 48/88"]

1. e4 e5 2. Nf3 Nc6 3. Bc4 Nf6 4. d3 Bc5 5. Nc3 h6 6. Be3 Bd4 7. Bxd4 exd4 8.
Nb5 O-O 9. Nfxd4 Nxd4 10. Nxd4 Re8 11. O-O d5 12. exd5 Nxd5 13. Qh5 Be6 14.
Nxe6 fxe6 15. f4 Ne3 16. Qe2 Nxc4 17. dxc4 Qd4+ 18. Kh1 Qxb2 19. Rab1 Qf6 20.
Rxb7 c5 21. Qg4 e5 22. Kg1 e4 23. f5 Reb8 24. Qxe4 Re8 25. Qd5+ Kh7 26. Qxc5
Qc3 27. f6 Re1 28. Qf5+ Kg8 29. Rxg7+ Kf8 30. Qc5+ Ke8 31. Qc6+ Kd8 32. Qd6+
Ke8 33. f7# 1-0

[Event "33. Seebach-Open"]
[Site "Grossenseebach"]
[Date "2024.05.30"]
[Round "1.58"]
[White "Mao, Leo"]
[Black "Dennerlein, Marius"]
[Result "0-1"]
[WhiteElo "1174"]
[BlackElo "1578"]
[PlyCount "132"]
[EventDate "2024.??.??"]
[WhiteTeam "SC Erlangen 48/88"]
[BlackTeam "SC Wassertrüdingen"]

1. c4 c5 2. Nc3 Nc6 3. d3 b6 4. g3 Bb7 5. Bg2 g6 6. Bg5 Bg7 7. a3 h6 8. Bf4 e5
9. Bc1 Nge7 10. Rb1 O-O 11. b4 cxb4 12. axb4 Rb8 13. b5 Na5 14. Bxb7 Nxb7 15.
Ba3 d6 16. e4 Nc5 17. Bxc5 dxc5 18. g4 Qd7 19. Qd2 Qxg4 20. f3 Qd7 21. Nge2 f5
22. Nd5 Nxd5 23. cxd5 fxe4 24. fxe4 Qf7 25. Qe3 Qf6 26. Qg3 Rb7 27. Kd2 Qg5+
28. Qxg5 hxg5 29. Rhf1 Rbf7 30. Rxf7 Rxf7 31. Ke3 Bh6 32. Nc3 g4+ 33. Ke2 Rf3
34. Ra1 Rf7 35. Rf1 Bf4 36. Rf2 Rh7 37. Rg2 Kf7 38. Nd1 Kf6 39. Nf2 a6 40. bxa6
Ra7 41. Rxg4 Bxh2 42. Rg2 Bf4 43. Nh3 g5 44. Nxf4 gxf4 45. Rg1 Rxa6 46. Rb1 Ke7
47. Rb2 Kd6 48. Rb1 Kc7 49. Rb2 Ra8 50. Rb1 Rg8 51. Ra1 Kb7 52. Rb1 Rg2+ 53.
Kf3 Rg3+ 54. Ke2 Re3+ 55. Kd2 c4 56. dxc4 Rxe4 57. Kd3 Rd4+ 58. Kc3 f3 59. Rf1
Rf4 60. Kd3 f2 61. Ke3 Rxc4 62. Rxf2 Rd4 63. Rd2 Rxd2 64. Kxd2 Kc7 65. Ke3 Kd6
66. Ke4 b5 0-1

[Event "33. Seebach-Open"]
[Site "Grossenseebach"]
[Date "2024.05.30"]
[Round "1.59"]
[White "Barsov, Mikhail"]
[Black "Hummel, Heike"]
[Result "1-0"]
[WhiteElo "1576"]
[BlackElo "1170"]
[PlyCount "103"]
[EventDate "2024.??.??"]
[WhiteTeam "SK Gräfelfing"]
[BlackTeam "SK Rothenburg e.V."]

1. c4 c5 2. Nc3 e5 3. g3 Nf6 4. Bg2 Nc6 5. e4 Be7 6. Nge2 d6 7. O-O O-O 8. d3
h6 9. f4 Bg4 10. h3 Bxe2 11. Nxe2 a6 12. Nc3 Rb8 13. a4 b6 14. g4 Nh7 15. Be3
Bh4 16. Rb1 Re8 17. Bd2 Nb4 18. Qf3 Re7 19. Nd5 Nxd5 20. exd5 Rbb7 21. b4 Qc8
22. fxe5 Rxe5 23. Bf4 Ng5 24. Qd1 Rbe7 25. Bxe5 Rxe5 26. bxc5 bxc5 27. Rb6 Bg3
28. Qb1 Qf8 29. Be4 Nxe4 30. dxe4 Bh4 31. Rb7 Re7 32. Rxe7 Qxe7 33. Qb8+ Kh7
34. Qc8 Qxe4 35. Qf5+ Qxf5 36. Rxf5 Bf6 37. Rf1 Bd4+ 38. Kg2 f6 39. Rb1 g5 40.
Rb6 a5 41. Rxd6 Kg6 42. Ra6 Bc3 43. Kf3 h5 44. Ke4 h4 45. d6 f5+ 46. gxf5+ Kf6
47. Ra8 Kf7 48. d7 g4 49. d8=Q Kg7 50. Qf8+ Kh7 51. Ra7+ Bg7 52. Qxg7# 1-0

[Event "33. Seebach-Open"]
[Site "Grossenseebach"]
[Date "2024.05.30"]
[Round "1.60"]
[White "Held, Werner"]
[Black "Weissmann, Peter"]
[Result "0-1"]
[WhiteElo "1111"]
[BlackElo "1568"]
[PlyCount "63"]
[EventDate "2024.??.??"]
[WhiteTeam "Spvg Zabo-Eintracht Nürnberg e.V"]
[BlackTeam "SGem 1882 Fürth"]

1. h4 e5 2. a4 d5 3. g3 f5 4. b3 Nf6 5. Bb2 Bd6 6. Nf3 Nc6 7. e3 a6 8. c4 Be6
9. Qc2 Nb4 10. Qc3 Ne4 11. Qc1 Nc5 12. Qd1 Ncd3+ 13. Bxd3 Nxd3+ 14. Ke2 Nxb2
15. Qc2 Nd3 16. Ng5 Nb4 17. Qc3 Qf6 18. d4 exd4 19. exd4 Nc6 20. Kd3 O-O 21.
Re1 Rfe8 22. c5 Bf8 23. Re2 f4 24. Nd2 Bf5+ 25. Nde4 dxe4+ 26. Kd2 Qxd4+ 27.
Qxd4 Nxd4 28. Rae1 Nxe2 29. Rxe2 h6 30. g4 Bxg4 31. Rxe4 hxg5 32. Rxe8 0-1

[Event "33. Seebach-Open"]
[Site "Grossenseebach"]
[Date "2024.05.30"]
[Round "1.61"]
[White "Barnowski, Roman"]
[Black "Bajaj, Pranit"]
[Result "0-1"]
[WhiteElo "1566"]
[BlackElo "1097"]
[PlyCount "52"]
[EventDate "2024.??.??"]
[WhiteTeam "SC Schwarz-Weiß Nürnberg Süd e.V"]
[BlackTeam "SC Erlangen 48/88"]

1. Nf3 Nc6 2. g3 e5 3. d3 Bc5 4. Bg2 d6 5. O-O h6 6. a3 a5 7. c4 Nf6 8. Nc3 Be6
9. Qb3 Qb8 10. Nd2 O-O 11. Qd1 Bd7 12. h3 Qc8 13. Kh2 Ne7 14. Nde4 Nxe4 15.
Nxe4 Bc6 16. Nxc5 dxc5 17. Be3 Bxg2 18. Kxg2 b6 19. Bd2 Qb7+ 20. e4 Rad8 21.
Bc3 Ng6 22. Qe2 Rd6 23. Rad1 Qc8 24. h4 Nxh4+ 25. gxh4 Rg6+ 26. Kh1 Qh3# 0-1

[Event "33. Seebach-Open"]
[Site "Grossenseebach"]
[Date "2024.05.30"]
[Round "1.62"]
[White "Jain, Vihaan"]
[Black "Kozic, David"]
[Result "0-1"]
[WhiteElo "981"]
[BlackElo "1565"]
[PlyCount "118"]
[EventDate "2024.??.??"]
[WhiteTeam "SK 1911 Herzogenaurach e.V."]
[BlackTeam "SV Lauf a.d.P."]

1. d4 f5 2. c4 Nf6 3. Nc3 e6 4. Bg5 c6 5. Nf3 Be7 6. e3 O-O 7. Be2 d5 8. O-O
Nbd7 9. c5 Ne4 10. Bf4 a6 11. g3 g5 12. Be5 g4 13. Nd2 Nxc3 14. bxc3 Nxe5 15.
dxe5 Bxc5 16. Nb3 Bb6 17. Rb1 Bc7 18. Nc5 b6 19. Nd3 c5 20. f4 Bb7 21. Nxc5 Bc8
22. Nd3 d4 23. exd4 a5 24. Kf2 Qd5 25. Ke1 Qxa2 26. Qb3 Qxb3 27. Rxb3 a4 28.
Ra3 Bd8 29. Bd1 Bd7 30. Nb2 b5 31. c4 b4 32. Ra2 a3 33. Nd3 Ba5 34. Ke2 Rfc8
35. Bb3 Kf7 36. Rc1 Ke7 37. Nc5 Bc6 38. Kd2 Bb6 39. Nxe6 Kxe6 40. d5+ Ke7 41.
dxc6 Rxc6 42. Kc2 Rd8 43. Ba4 Rxc4+ 44. Kb1 Rxc1+ 45. Kxc1 Be3+ 46. Kb1 Rd2 47.
Rxd2 Bxd2 48. Bb3 Be3 49. Kc2 Bg1 50. Kd2 Bxh2 51. Ke3 Bxg3 52. Ke2 h5 53. Kf1
h4 54. Kg2 Bxf4 55. e6 h3+ 56. Kh1 g3 57. Kg1 g2 58. Kf2 Be3+ 59. Kxe3 g1=Q+
0-1

[Event "33. Seebach-Open"]
[Site "Grossenseebach"]
[Date "2024.05.30"]
[Round "1.63"]
[White "Mao, Luca"]
[Black "Kohler, Alfred"]
[Result "0-1"]
[WhiteElo "798"]
[BlackElo "1537"]
[PlyCount "64"]
[EventDate "2024.??.??"]
[WhiteTeam "SC Erlangen 48/88"]
[BlackTeam "SK 1911 Herzogenaurach e.V."]

1. e4 e5 2. Nf3 d6 3. Bc4 Be7 4. O-O Nf6 5. Nc3 O-O 6. b3 Nc6 7. Bb2 a6 8. Qe2
b5 9. Bd5 Bb7 10. a4 b4 11. Nd1 Nxd5 12. exd5 Nb8 13. Qc4 a5 14. c3 Ba6 15. Qe4
Bxf1 16. Kxf1 f5 17. Qc4 bxc3 18. Qxc3 Bf6 19. Qc2 Nd7 20. Qxf5 Nc5 21. Ra3 e4
22. Bxf6 Rxf6 23. Qh5 exf3 24. gxf3 Rb8 25. Ne3 Qf8 26. Kg2 Nd3 27. b4 Nf4+ 28.
Kg3 Nxh5+ 29. Kg2 Rxb4 30. Rc3 Rxf3 31. Rxc7 Rxf2+ 32. Kh3 Qf3# 0-1

[Event "33. Seebach-Open"]
[Site "Grossenseebach"]
[Date "2024.05.30"]
[Round "1.72"]
[White "Urlass, Bernd"]
[Black "Homfeldt, Maren"]
[Result "1-0"]
[WhiteElo "1539"]
[BlackElo "871"]
[PlyCount "79"]
[EventDate "2024.??.??"]
[WhiteTeam "SSV Fortschritt Lichtenstein"]
[BlackTeam "SC Noris-Tarrasch Nürnberg 1873"]

1. d4 b6 2. c4 d6 3. Nc3 e6 4. Nf3 Ne7 5. e3 Bb7 6. Bd3 Na6 7. a3 c5 8. O-O Qd7
9. Bc2 Nc7 10. dxc5 bxc5 11. Qe2 Bxf3 12. Qxf3 d5 13. Ba4 Nc6 14. Rd1 O-O-O 15.
b4 cxb4 16. cxd5 exd5 17. axb4 Bxb4 18. Nb5 Qe6 19. Bb2 Nxb5 20. Bxb5 Ne5 21.
Rdc1+ Kb7 22. Bxe5 Rd7 23. Bxd7 Qxe5 24. Qxf7 Be7 25. Rab1+ Ka6 26. Qe6+ Bd6
27. Rc6+ Ka5 28. Qxd6 Qxd6 29. Rxd6 Rd8 30. Rxd5+ Ka6 31. Bb5+ Kb6 32. Rxd8 Kc7
33. Rd7+ Kb6 34. Ba4+ Kc5 35. Rc1+ Kb6 36. Rc6+ Ka5 37. Rxa7+ Kb4 38. Rb7+ Ka3
39. Ra6 g6 40. Be8# 1-0

[Event "33. Seebach-Open"]
[Site "Grossenseebach"]
[Date "2024.05.30"]
[Round "2.1"]
[White "Ratushnyi, Viktor"]
[Black "Ott, Florian"]
[Result "1/2-1/2"]
[WhiteElo "2025"]
[BlackElo "2265"]
[PlyCount "80"]
[EventDate "2024.??.??"]
[WhiteTeam "SC Schwarz-Weiß Nürnberg Süd e.V"]
[BlackTeam "SC Erlangen 48/88"]

1. e4 c5 2. Nf3 d6 3. c3 Nf6 4. h3 g6 5. Bd3 Bg7 6. Bc2 e5 7. O-O Nc6 8. d4
exd4 9. cxd4 O-O 10. d5 Nb4 11. Nc3 Nxc2 12. Qxc2 a6 13. a4 Rb8 14. a5 Nd7 15.
Bf4 Qc7 16. Nd2 b5 17. axb6 Nxb6 18. Bh2 f5 19. exf5 Bxf5 20. Nde4 Nc4 21. Qe2
Ne5 22. Rxa6 Bxe4 23. Nxe4 Rxb2 24. Qxb2 Nf3+ 25. gxf3 Bxb2 26. Bxd6 Qc8 27.
Bxf8 Kxf8 28. Rb6 Be5 29. Re6 Bd4 30. Nd6 Qa6 31. Ne4 Qa2 32. Rd6 Be5 33. Rc6
Qxd5 34. Rxc5 Qe6 35. Kg2 h5 36. Rfc1 h4 37. Rc6 Qf5 38. Rc8+ Kg7 39. R1c7+
Bxc7 40. Rxc7+ Kh6 1/2-1/2

[Event "33. Seebach-Open"]
[Site "Grossenseebach"]
[Date "2024.05.30"]
[Round "2.2"]
[White "Albert, Markus"]
[Black "Redzepovic, Irfan"]
[Result "1-0"]
[WhiteElo "2255"]
[BlackElo "2028"]
[PlyCount "37"]
[EventDate "2024.??.??"]
[WhiteTeam "SC Ansbach 1855 e.V."]
[BlackTeam "SC Schwarz-Weiß Nürnberg Süd e.V"]

1. e4 e5 2. Nc3 Nf6 3. f4 d5 4. fxe5 Nxe4 5. Qf3 Nxc3 6. bxc3 Be7 7. d4 O-O 8.
Bd3 f6 9. Qh5 g6 10. Qh6 fxe5 11. dxe5 Qe8 12. Nf3 Nc6 13. O-O Bg4 14. Bf4 Bxf3
15. Rxf3 Nd8 16. Rh3 Bc5+ 17. Kh1 Qf7 18. Bxg6 Qg7 19. Bxh7+ 1-0

[Event "33. Seebach-Open"]
[Site "Grossenseebach"]
[Date "2024.05.30"]
[Round "2.3"]
[White "Basel, Matthias"]
[Black "Liepold, Stefan"]
[Result "1-0"]
[WhiteElo "1989"]
[BlackElo "2201"]
[PlyCount "77"]
[EventDate "2024.??.??"]
[WhiteTeam "SC Kitzingen von 1905"]
[BlackTeam "SC Erlangen 48/88"]

1. Nf3 Nf6 2. c4 g6 3. Nc3 d5 4. d4 Bg7 5. Bf4 O-O 6. e3 c5 7. dxc5 Be6 8. Nd4
Qa5 9. Nb3 Qd8 10. Nd4 Nc6 11. Nxe6 fxe6 12. Be2 Qa5 13. O-O Qxc5 14. Na4 Qa5
15. a3 e5 16. b4 Qd8 17. Bg3 e6 18. Qb3 d4 19. Rad1 e4 20. exd4 Nxd4 21. Qe3
Nxe2+ 22. Qxe2 Qc8 23. Nc5 a5 24. Nxe4 Nxe4 25. Qxe4 axb4 26. axb4 Re8 27. c5
Ra4 28. Qc4 Ra3 29. Rfe1 Rc3 30. Qg4 Rb3 31. h4 Bc3 32. Re4 e5 33. Qe2 Qe6 34.
Rd6 Qf7 35. Qb5 Rb1+ 36. Kh2 Rf8 37. Rd7 Qf5 38. Qxb7 Rf7 39. c6 1-0

[Event "33. Seebach-Open"]
[Site "Grossenseebach"]
[Date "2024.05.30"]
[Round "2.4"]
[White "Boehme, Markus"]
[Black "Isbilir, Levin"]
[Result "1/2-1/2"]
[WhiteElo "2196"]
[BlackElo "2024"]
[PlyCount "211"]
[EventDate "2024.??.??"]
[WhiteTeam "SC Uttenreuth e.V."]
[BlackTeam "SC Erlangen 48/88"]

1. Nf3 c5 2. e4 Nc6 3. c3 Nf6 4. e5 Nd5 5. d4 cxd4 6. cxd4 d6 7. Bc4 Nb6 8. Bb5
dxe5 9. Nxe5 Bd7 10. Nc3 Nxe5 11. dxe5 Bxb5 12. Nxb5 Qxd1+ 13. Kxd1 Nd5 14. Ke2
a6 15. Nc3 Nxc3+ 16. bxc3 e6 17. Rd1 Bc5 18. a4 Ke7 19. Rb1 Rab8 20. Bg5+ f6
21. Bf4 f5 22. Bg5+ Ke8 23. Be3 Bxe3 24. Kxe3 Ke7 25. Rd6 Rhd8 26. Rdb6 Rd7 27.
Rxa6 Rc8 28. Rd6 Rxd6 29. exd6+ Kxd6 30. Rxb7 Rxc3+ 31. Kd2 Ra3 32. Rxg7 h5 33.
Rh7 Rxa4 34. Rxh5 Ke5 35. g3 Ra2+ 36. Ke3 Ra3+ 37. Ke2 Kf6 38. Rh6+ Kf7 39. h4
e5 40. h5 e4 41. Rb6 Kg7 42. Rg6+ Kh7 43. Rg5 Rf3 44. g4 fxg4 45. Rxg4 Rh3 46.
Rxe4 Rxh5 47. Rg4 Ra5 48. Rg3 Ra2+ 49. Kf3 Ra3+ 50. Kg2 Ra2 51. Rg4 Ra3 52. f3
Ra2+ 53. Kg3 Ra1 54. Kh4 Rh1+ 55. Kg5 Kg7 56. Ra4 Rb1 57. Ra7+ Kf8 58. Ra6 Kf7
59. f4 Rb2 60. Rd6 Ra2 61. Rd7+ Kf8 62. Rb7 Ra5+ 63. Kg6 Ra6+ 64. Kg5 Ra5+ 65.
Kg4 Ra6 66. Rb5 Kf7 67. Kg5 Rc6 68. Rf5+ Kg7 69. Re5 Kf7 70. Kf5 Ra6 71. Rd5
Rb6 72. Ke5 Re6+ 73. Kf5 Rf6+ 74. Kg4 Ra6 75. Rh5 Rb6 76. Rh7+ Kf8 77. Kg5 Rb5+
78. Kg4 Rb6 79. Rd7 Ra6 80. Rd5 Kf7 81. Kf3 Rb6 82. Ke4 Ra6 83. Rd7+ Kf8 84.
Kf5 Ra5+ 85. Kg6 Ra6+ 86. Kg5 Ra5+ 87. f5 Ra6 88. Rb7 Rc6 89. Rh7 Ra6 90. Rh8+
Kf7 91. Rb8 Rc6 92. Rb7+ Kf8 93. Ra7 Rb6 94. f6 Rb1 95. Ra5 Rg1+ 96. Kf5 Rf1+
97. Ke6 Re1+ 98. Re5 Rxe5+ 99. Kxe5 Kf7 100. Kf5 Kf8 101. Kg6 Kg8 102. Kg5 Kf7
103. Kf5 Kf8 104. Ke6 Ke8 105. f7+ Kf8 106. Kf6 1/2-1/2

[Event "33. Seebach-Open"]
[Site "Grossenseebach"]
[Date "2024.05.30"]
[Round "2.5"]
[White "Pflaum, Stefan"]
[Black "Heidrich, Manfred"]
[Result "0-1"]
[WhiteElo "1985"]
[BlackElo "2184"]
[PlyCount "36"]
[EventDate "2024.??.??"]
[WhiteTeam "SC Schachmatt Botnang"]
[BlackTeam "SC Forchheim e.V."]

1. d4 f5 2. e4 fxe4 3. Nc3 Nf6 4. Bg5 Nc6 5. d5 Ne5 6. Qe2 c6 7. O-O-O cxd5 8.
Nxd5 Nxd5 9. Rxd5 Nf7 10. Qxe4 Nxg5 11. Rxg5 e6 12. Nf3 Qf6 13. Bb5 Be7 14. Kb1
O-O 15. Rh5 g6 16. Rg5 d5 17. Qe2 Bd6 18. h4 Bf4 0-1

[Event "33. Seebach-Open"]
[Site "Grossenseebach"]
[Date "2024.05.30"]
[Round "2.6"]
[White "Heimrath, Reiner"]
[Black "Meulner, Klaus"]
[Result "1-0"]
[WhiteElo "2163"]
[BlackElo "1986"]
[PlyCount "163"]
[EventDate "2024.??.??"]
[WhiteTeam "SC Noris-Tarrasch Nürnberg 1873"]
[BlackTeam "SC Schwarz-Weiß Nürnberg Süd e.V"]

1. e4 e5 2. d4 exd4 3. Bc4 Nf6 4. Nf3 Nc6 5. O-O Nxe4 6. Re1 d5 7. Nc3 dxc4 8.
Rxe4+ Be6 9. Nxd4 Nxd4 10. Rxd4 Bd6 11. Bf4 Qe7 12. Bxd6 cxd6 13. Rxd6 O-O 14.
Qd2 Rfd8 15. Rd1 Rxd6 16. Qxd6 Qxd6 17. Rxd6 Kf8 18. Rd4 Rc8 19. Kf1 Rc6 20.
Ke1 Rc5 21. h4 h6 22. Kd2 Ke7 23. a3 Rc6 24. Nd1 b5 25. Kc3 a5 26. Ne3 Rc5 27.
g3 g5 28. hxg5 hxg5 29. Rd1 Rc8 30. Nd5+ Kf8 31. Ne3 Kg7 32. Rd6 Rb8 33. Kd4
Kf6 34. Nd5+ Kf5 35. f3 b4 36. axb4 axb4 37. g4+ Kg6 38. Kxc4 Rc8+ 39. Kd3 Rb8
40. Nc7 Kf6 41. Nxe6 fxe6 42. Rd4 Ke5 43. Ke3 Rc8 44. Re4+ Kd5 45. Kd3 Rb8 46.
Kd2 e5 47. b3 Rf8 48. Re3 Kd4 49. Ke2 Kd5 50. Rd3+ Ke6 51. Ke3 Rf4 52. Rd8 Ke7
53. Rg8 e4 54. fxe4 Rxg4 55. Rb8 Rg3+ 56. Kd4 Rc3 57. Rxb4 Rxc2 58. Rc4 Rb2 59.
Rc3 Kd6 60. Ke3 Rh2 61. Rd3+ Ke6 62. Kd4 g4 63. Rc3 Rh3 64. Rc6+ Kd7 65. Rb6
Rf3 66. b4 g3 67. Rg6 Rb3 68. Kc4 Re3 69. Kd5 Rd3+ 70. Kc5 Rc3+ 71. Kb6 Rc4 72.
b5 Rxe4 73. Rxg3 Rb4 74. Rc3 Rb1 75. Ka6 Rb2 76. b6 Kd8 77. Kb7 Rd2 78. Kb8 Kd7
79. Rc7+ Kd8 80. Ra7 Rb2 81. b7 Kd7 82. Ka8 1-0

[Event "33. Seebach-Open"]
[Site "Grossenseebach"]
[Date "2024.05.30"]
[Round "2.7"]
[White "Bieberle, Jan"]
[Black "Bunk, Karsten"]
[Result "1-0"]
[WhiteElo "2153"]
[BlackElo "1972"]
[PlyCount "57"]
[EventDate "2024.??.??"]
[WhiteTeam "SC Höchstadt/Aisch"]
[BlackTeam "SC Schwarz-Weiß Nürnberg Süd e.V"]

1. e4 d6 2. d4 e5 3. Nf3 exd4 4. Nxd4 Nf6 5. Nc3 Be7 6. Bf4 O-O 7. Qd2 Nc6 8.
O-O-O Re8 9. f3 Nxd4 10. Qxd4 Be6 11. g4 Nd7 12. Qd2 a6 13. h4 b5 14. g5 Ne5
15. Qg2 Qb8 16. Nd5 Bxd5 17. exd5 Qb6 18. h5 Nc4 19. Bxc4 bxc4 20. c3 Rab8 21.
Rd2 Qa5 22. a3 Rb5 23. Re1 Kf8 24. g6 fxg6 25. hxg6 h5 26. Qh3 Reb8 27. Rxe7
Qxc3+ 28. Kd1 Rxb2 29. Qf5+ 1-0

[Event "33. Seebach-Open"]
[Site "Grossenseebach"]
[Date "2024.05.30"]
[Round "2.8"]
[White "Leis, Stefan"]
[Black "Kochiev, Ivan"]
[Result "0-1"]
[WhiteElo "1972"]
[BlackElo "2134"]
[PlyCount "54"]
[EventDate "2024.??.??"]
[WhiteTeam "SC Mühlhof-Reichelsdorf e.V."]
[BlackTeam "SC Noris-Tarrasch Nürnberg 1873"]

1. d4 Nf6 2. Nf3 e6 3. g3 c5 4. c4 cxd4 5. Nxd4 Be7 6. Bg2 Nc6 7. O-O a6 8. Nc3
Qc7 9. b3 d6 10. Bb2 Bd7 11. Rc1 Nxd4 12. Qxd4 O-O 13. Rfd1 Rfd8 14. h3 Rac8
15. Qe3 Qb8 16. Qb6 Bc6 17. e4 Be8 18. e5 dxe5 19. Qxb7 Bc5 20. Qxa6 e4 21.
Rxd8 Rxd8 22. Qa5 Bb6 23. Qg5 h6 24. Qf4 e5 25. Qh4 Rd2 26. c5 Bxc5 27. Nd1 Qd6
0-1

[Event "33. Seebach-Open"]
[Site "Grossenseebach"]
[Date "2024.05.30"]
[Round "2.9"]
[White "Homi, Joseph"]
[Black "Akhramsyah Muammar Ubaidah, Aqil"]
[Result "1-0"]
[WhiteElo "2134"]
[BlackElo "1949"]
[PlyCount "67"]
[EventDate "2024.??.??"]
[WhiteTeam "SGem 1882 Fürth"]
[BlackTeam "SF Brand 1981 e. V."]

1. e4 c5 2. Nf3 d6 3. d4 cxd4 4. Nxd4 Nf6 5. Nc3 e5 6. Bb5+ Nbd7 7. Nf5 a6 8.
Bd3 Nc5 9. Ne3 Be7 10. O-O O-O 11. a4 Be6 12. Qe2 Rc8 13. Rd1 Qc7 14. Bd2 Qc6
15. f3 Rfe8 16. Be1 Nh5 17. g3 g6 18. Ncd5 Bg5 19. b3 Nxd3 20. Qxd3 Bxd5 21.
Nxd5 Qxc2 22. Qxc2 Rxc2 23. Nb4 Be3+ 24. Kh1 Rb2 25. Rxd6 Rxb3 26. Rd7 Bd4 27.
Rc1 Rxf3 28. Kg2 Rb3 29. Rcc7 Rb2+ 30. Kf1 Rf8 31. Nd5 f5 32. Bb4 Re8 33. Rxh7
Rd8 34. Nf6+ 1-0

[Event "33. Seebach-Open"]
[Site "Grossenseebach"]
[Date "2024.05.30"]
[Round "2.10"]
[White "Seidel, Peter"]
[Black "Gomer, Thomas"]
[Result "0-1"]
[WhiteElo "2124"]
[BlackElo "1764"]
[PlyCount "84"]
[EventDate "2024.??.??"]
[WhiteTeam "SC Höchstadt/Aisch"]
[BlackTeam "SV Balingen"]

1. e4 c6 2. d4 d5 3. e5 Bf5 4. Nf3 e6 5. Be2 c5 6. O-O Nc6 7. Nbd2 Nge7 8. dxc5
h6 9. Nb3 Ng6 10. Bb5 Bg4 11. Re1 Qc7 12. h3 Bxf3 13. Qxf3 Be7 14. c4 O-O 15.
Bxc6 bxc6 16. cxd5 cxd5 17. Bd2 a5 18. Rac1 Rfc8 19. a4 Nxe5 20. Qg3 Nc4 21.
Bf4 Qd7 22. Nd4 Bxc5 23. Nb5 Qe7 24. b3 Nb6 25. Bxh6 Qf6 26. Bf4 Bb4 27. Re5
Rxc1+ 28. Bxc1 Rc8 29. Bf4 Nd7 30. Rg5 Be7 31. Kh2 Nc5 32. Rh5 Ne4 33. Qf3 Rc2
34. Be3 Qxf3 35. gxf3 Nxf2 36. Kg3 Nh1+ 37. Kf4 g6 38. Re5 g5+ 39. Kg4 Rg2+ 40.
Kh5 Ng3+ 41. Kg4 f5+ 42. Rxf5 exf5# 0-1

[Event "33. Seebach-Open"]
[Site "Grossenseebach"]
[Date "2024.05.30"]
[Round "2.11"]
[White "Heppert, Lars"]
[Black "Quaschner, Manuel"]
[Result "1/2-1/2"]
[WhiteElo "1910"]
[BlackElo "2091"]
[PlyCount "57"]
[EventDate "2024.??.??"]
[WhiteTeam "SK Neuburg"]
[BlackTeam "FSV Großenseebach"]

1. Nf3 c5 2. c4 b6 3. d4 cxd4 4. Nxd4 Bb7 5. Nc3 Nf6 6. Bg5 d6 7. f3 h6 8. Bxf6
gxf6 9. e4 e6 10. Qb3 f5 11. O-O-O fxe4 12. Nxe4 Bxe4 13. fxe4 a6 14. Kb1 Nd7
15. Be2 Nc5 16. Qf3 Bg7 17. e5 Bxe5 18. Nc6 Qc8 19. Nxe5 dxe5 20. Qf6 Rf8 21.
Rhf1 Qc7 22. Bh5 a5 23. b3 e4 24. Qg7 Qe7 25. Rxf7 Rxf7 26. Rf1 Qf8 27. Bxf7+
Ke7 28. Qf6+ Kd6 29. a3 1/2-1/2

[Event "33. Seebach-Open"]
[Site "Grossenseebach"]
[Date "2024.05.30"]
[Round "2.12"]
[White "Sattler, Stefan"]
[Black "Schuetze, Benjamin"]
[Result "1-0"]
[WhiteElo "2085"]
[BlackElo "1685"]
[PlyCount "75"]
[EventDate "2024.??.??"]
[WhiteTeam "SK 1911 Herzogenaurach e.V."]
[BlackTeam "FSV Großenseebach"]

1. e4 e5 2. Nc3 Nf6 3. Bc4 Nxe4 4. Qh5 Nd6 5. Qxe5+ Qe7 6. Qxe7+ Bxe7 7. Be2 c6
8. Nf3 Nf5 9. g4 Nh6 10. h3 d5 11. d4 Ng8 12. Bf4 Be6 13. Ng5 Bxg5 14. Bxg5 Ne7
15. Kd2 f6 16. Bf4 g5 17. Bg3 Nd7 18. Rae1 Kf7 19. f4 Nb6 20. fxg5 fxg5 21.
Rhf1+ Ke8 22. Bd3 Kd7 23. Rf6 Bg8 24. Rd6+ Ke8 25. Be5 Nbc8 26. Rh6 Ng6 27.
Bxg6+ hxg6 28. Rxh8 Nb6 29. Rxg8+ Kd7 30. Rxa8 Nc4+ 31. Kc1 c5 32. Rg8 cxd4 33.
Bxd4 b5 34. Rg7+ Kd6 35. Rxg6+ Kd7 36. Nxd5 Nd6 37. Rg7+ Kc6 38. Nb4# 1-0